Renewable and efficient electric power systems
Saved in:
| Hovedforfatter: | |
|---|---|
| Format: | Bog |
| Sprog: | engelsk |
| Udgivet: |
Hoboken
John Wiley and Sons
2004
|
| Fag: | |
| Tags: |
Tilføj Tag
Ingen Tags, Vær først til at tagge denne postø!
|
MARC
| LEADER | 00000cam a2200000 a 4500 | ||
|---|---|---|---|
| 001 | UCF2569 | ||
| 003 | CL-VaPUC | ||
| 008 | 120830e20040000US |||||||||||||||||eng|d | ||
| 020 | |a 0471280607 | ||
| 082 | 0 | 4 | |a 621.31 |b MAS |2 21 |
| 100 | |a Masters, Gilbert M. |e autor |9 564251 | ||
| 245 | 1 | 0 | |a Renewable and efficient electric power systems |
| 300 | |a 654 p | ||
| 942 | |c BK | ||
| 945 | |d 20120830 00:00:00 |a cmena | ||
| 260 | |a Hoboken |b John Wiley and Sons |c 2004 | ||
| 650 | 7 | |a SISTEMAS ELECTRICOS |2 CL-VaPUC |9 355342 | |
| 650 | 7 | |a CONSERVACION DE ENERGIA |2 CL-VaPUC |9 260502 | |
| 650 | 7 | |a POTENCIA ELECTRICA |2 CL-VaPUC |9 345463 | |
| 583 | |a last modification |c 20120830 10:25:00 |k Rodrigo Vera | ||
| 999 | |c 349111 |d 349109 | ||
| 952 | |0 0 |1 0 |4 0 |6 621_310000000000000_MAS_2004 |7 0 |8 A |9 451541 |a BIBING |b BIBING |d 2019-11-22 |i 4898370 |o 621.31 MAS 2004 |p 4898370 |r 2025-01-20 |w 2019-11-22 |y BK |k EIE | ||
| 952 | |0 0 |1 0 |4 0 |6 621_310000000000000_MAS_2004 |7 0 |8 A |9 451542 |a BIBING |b BIBING |d 2019-11-22 |i 4898389 |o 621.31 MAS 2004 |p 4898389 |r 2025-01-20 |w 2019-11-22 |y BK |k EIE | ||